| 000 | 00383nam a2200145Ia 4500 | ||
|---|---|---|---|
| 008 | 230917s9999||||xx |||||||||||||| ||und|| | ||
| 040 |
_e203356 _aMAIN |
||
| 041 | _aEnglish | ||
| 082 | _a005.453 I4P | ||
| 100 | _aITL Education Solutions | ||
| 245 | 0 | _aPrinciples of compiler design | |
| 260 |
_aNew Delhi _bDorling Kindersley (India) _c2012 |
||
| 300 | _avi, 178 p. | ||
| 942 | _cBK | ||
| 999 |
_c173702 _d173702 |
||